|
|
|
|
| LEADER |
00671nam a2200241Ia 4500 |
| 008 |
240830s9999 xx 000 0 und d |
| 020 |
|
|
|a 0-7167-1705-0
|
| 040 |
|
|
|a CEDOC FIQ-RUSB / 570 S968
|
| 041 |
|
|
|a spa
|
| 082 |
|
|
|a 570 S968
|
| 100 |
1 |
|
|a Suzuki, T. David
|
| 100 |
1 |
|
|b Griffiths, Anthony J.F.
|
| 100 |
1 |
|
|c Miller, Jeffrey H.; Lewontin, Richard
|
| 245 |
1 |
3 |
|a An Introduction to Genetic Analysis
|
| 250 |
|
|
|a 3a.ed
|
| 260 |
|
|
|b Freeman and Company
|c 1986
|
| 300 |
|
|
|a 612 p.: il.
|
| 650 |
7 |
|
|a CIENCIAS BIOLÓGICAS
|
| 650 |
7 |
|
|b GENÉTICA Y EL ORGANISMO
|
| 650 |
7 |
|
|c TEORÍA CROMOSÓMICA DE LA HERENCIA
|
| 942 |
|
|
|c BK
|2 ddc
|
| 991 |
|
|
|a TEXTO
|
| 999 |
|
|
|c 27192
|